| 000 | 00855cab a2200241 4500 | ||
|---|---|---|---|
| 001 | WB3009-26 | ||
| 008 | 090401t1994 xxu||||| |||| 00| 0 eng d | ||
| 035 | _a(Sirsi) u30167 | ||
| 041 | _aeng | ||
| 245 | _aDistress | ||
| 260 | _c1994 | ||
| 350 | _a0 | ||
| 490 |
_aEstates Gazette Case Summaries _v1994 EGCS 28 (26/2/94) |
||
| 520 | _a"Eller v Grovecrest Investments Ltd" CA 15 February 1994, which concerned whether set off against claim for rent could be invoked against landlord exercising remedy of distress.CA reversed HC decison, and held that set-off was available against a claim to levy distress. | ||
| 650 | _aBREACH OF COVENANT | ||
| 650 | _aDAMAGES | ||
| 650 | _aDISTRAINT OF GOODS | ||
| 650 | _aNUISANCE | ||
| 650 | _aSET OFF | ||
| 690 | _aLANDLORD AND TENANT-CASE LAW-BUSINESS TENANCIES | ||
| 942 | _n0 | ||
| 948 | _c04/03/1997 | ||
| 999 |
_c20323 _d20323 |
||